|
|
|
|
| LEADER |
00000cam a2200000 a 4500 |
| 001 |
55243 |
| 003 |
Ucuenca |
| 005 |
20231028062825.0 |
| 008 |
968112|1965 ck |||||r|||||||||||spa|| |
| 040 |
|
|
|b spa
|
| 041 |
|
|
|a es
|
| 082 |
0 |
|
|a 724.1
|
| 100 |
1 |
|
|a Sebastián, Santiago
|9 29559
|
| 245 |
|
|
|a Arquitectura colonial en Popayán y el Valle del Cauca
|c Santiago Sebastián
|h imp
|
| 264 |
|
|
|a Cali
|b Universidad del Valle
|c 1965
|
| 300 |
|
|
|a 157 páginas:
|b ilu
|c 20 cm
|
| 504 |
|
|
|a incl. ref.
|
| 650 |
|
0 |
|a Arquitectura colonial
|9 5418
|
| 650 |
|
0 |
|a Popayan
|9 27268
|
| 650 |
|
0 |
|a Valle del cauca
|9 8568
|
| 650 |
|
7 |
|a Arquitectura
|9 5671
|
| 852 |
|
|
|a UC-CDJBV
|f Donación
|l 1
|m General
|p 19681122
|q 30,00
|r 2
|t 55243
|y 148413
|b 0
|d CDRC
|e CDRC
|g 724.1 SEGUNDO PISO
|z 1968-81-12
|
| 942 |
|
|
|c BK
|2 ddc
|r sergio.cajamarca@ucuenca.edu.ec
|
| 999 |
|
|
|c 15892
|d 15892
|